000 00193 a2200097 4500
020 _a9780439800129
041 _aeng
100 _aScholastic
245 _aThe Pigeon Finds a Hot dog!
942 _cBK
999 _c9805
_d9805